| 000 | 01375aam a2200301 a 4500 | ||
|---|---|---|---|
| 999 |
_c376996 _d376996 |
||
| 003 | BLK | ||
| 005 | 20250621124701.0 | ||
| 008 | 181011b bu ||||| |||| 00| 0 bu d | ||
| 020 | _a9789542619208 | ||
| 040 | _aBLK | ||
| 041 |
_aBUL _cBUL |
||
| 080 |
_aАмериканска литература (на САЩ) _b821.111(73) _x-93-31 _z821.111(73)-93-31 |
||
| 100 |
_aЕмерсън, Маркъс _eпърви автор _91299 |
||
| 139 |
_aЕмерсън, Маркъс _bЕ 59 |
||
| 245 |
_aДневникът на един нинджа 6 : Бандити в училище "Бюканън" _cМаркъс Емерсън ; прев. от англ. Коста Сивов |
||
| 257 | _aUSA | ||
| 260 |
_bХермес _c2020 _aПловдив _9209439 _fСофия : Алианс Принт ЕООД |
||
| 300 |
_a208 с. _c20 см _bс ил. |
||
| 380 | _aDX | ||
| 500 | _aОриг. загл.: Diary of a sixth grade ninja: BUCHANAN BANDITS / Marcus Emerson. Маркъс Емерсън - псевд. на David Halvorson Кн. 6 от поредицата Дневникът на един нинджа | ||
| 700 |
_aСивов, Коста Атанасов _9383724 |
||
| 852 |
_bД _c821-93/Е 59М |
||
| 942 |
_cKNG _2udc _n0 _08 _s1 |
||
| 944 |
_aCR _c2020-07-24 _k30552 _lВиолета Тройчева |
||
| 999 | _d331001 | ||
| 999 | _d325365 | ||
| 999 | _d325365 | ||